Advanced methods in educational assessment and evaluation : (Record no. 10503)

MARC details
000 -LEADER
fixed length control field 00717nam a22002177a 4500
003 - CONTROL NUMBER IDENTIFIER
control field URS
005 - DATE AND TIME OF LATEST TRANSACTION
control field 20220117095947.0
008 - FIXED-LENGTH DATA ELEMENTS--GENERAL INFORMATION
fixed length control field 190524b ||||| |||| 00| 0 eng d
020 ## - INTERNATIONAL STANDARD BOOK NUMBER
International Standard Book Number 9716856842
040 ## - CATALOGING SOURCE
Original cataloging agency URS
Language of cataloging English
Transcribing agency URS
Modifying agency URS
Description conventions rda
050 00 - LIBRARY OF CONGRESS CALL NUMBER
Classification number LB2822.75
Item number .Sa59 2007
100 ## - MAIN ENTRY--PERSONAL NAME
Personal name Santos, Rosita De Guzman.,
Relator term author.
245 ## - TITLE STATEMENT
Title Advanced methods in educational assessment and evaluation :
Remainder of title assessment of learning 2 /
Statement of responsibility, etc Rosita De Guzman-Santos.
260 ## - PUBLICATION, DISTRIBUTION, ETC. (IMPRINT)
Place of publication, distribution, etc Manila :
Name of publisher, distributor, etc Lorimar Publishing,
Date of publication, distribution, etc ©2007.
300 ## - PHYSICAL DESCRIPTION
Extent 102 pages ;
Dimensions 25 cm.
336 ## - CONTENT TYPE
Source rdacontent
Content type term text
Content type code txt
337 ## - MEDIA TYPE
Source rdamedia
Media type term unmediated
Media type code n
338 ## - CARRIER TYPE
Source rdacarrier
Carrier type term volume
Carrier type code nc
650 #0 - SUBJECT ADDED ENTRY--TOPICAL TERM
Topical term or geographic name as entry element Educational evaluation.
942 ## - ADDED ENTRY ELEMENTS (KOHA)
Source of classification or shelving scheme Library of Congress Classification
Koha item type Filipiniana
Holdings
Withdrawn status Lost status Source of classification or shelving scheme Damaged status Not for loan Collection code Home library Current library Shelving location Date acquired Source of acquisition Total Checkouts Full call number Barcode Date last seen Copy number Cost, replacement price Koha item type
    Library of Congress Classification     Non-fiction Taytay College Library Taytay College Library Filipiniana Section 05/24/2019 Purchased   LB2822.75 .Sa59 2007 URSTAY-1572 06/02/2025 1 204.00 Filipiniana

University of Rizal System
Email us at univlibservices@urs.edu.ph

Visit our Website www.urs.edu.ph/library